SCANP scandinavian Periodicals Index in Economics and Business
Saved in:
| Format: | Book |
|---|---|
| Language: | English |
| Published: |
Helsinki
School of Economics Library
1986
|
| Edition: | 1. ed. |
| Tags: |
No Tags, Be the first to tag this record!
|
MARC
| LEADER | 00000nam a2200000 4500 | ||
|---|---|---|---|
| 001 | c033455 | ||
| 005 | 20250116122640.1 | ||
| 041 | 0 | |a eng | |
| 044 | |a FI | ||
| 245 | 1 | 0 | |a SCANP |b scandinavian Periodicals Index in Economics and Business |
| 250 | |a 1. ed. | ||
| 264 | 1 | |a Helsinki |b School of Economics Library |c 1986 | |
| 300 | |a 168 s. | ||